| 000 | 00604nam a2200193 a 4500 | ||
|---|---|---|---|
| 001 | 3124 | ||
| 003 | CDMR | ||
| 005 | 20131113135615.0 | ||
| 008 | 130130s1989||||||||||||||||||||||||||||d | ||
| 020 | _a8476654952 | ||
| 040 |
_aCDMR _bcat _cCDMR |
||
| 100 | 1 |
_aGuzmán, Manuel de _92279 |
|
| 245 | 1 | 0 |
_aPersona y personalidad del periodista _cManuel de Guzmán ; prólogo de Nazario González |
| 260 |
_aBarcelona _c1989 _bPromoción Publicaciones Universitarias |
||
| 300 | _a253 p. | ||
| 650 | 0 | 4 |
_92030 _aPeriodisme _xOrientació professional |
| 650 | 0 | 4 |
_93083 _aCompetències professionals |
| 942 |
_cMON _2udc |
||
| 999 |
_c3124 _d3124 |
||